| 000 | 00330nam a2200133Ia 4500 | ||
|---|---|---|---|
| 005 | 20260328104252.0 | ||
| 008 | 260328s9999||||xx |||||||||||||| ||und|| | ||
| 100 | _aSerna Cárdenas, David | ||
| 245 | 0 |
_aEn Proceso - Vol. 2 / _cDavid Serna Cárdenas |
|
| 260 | _bEscala | ||
| 300 | _a219 p. | ||
| 650 | _aARQUITECTOS | ||
| 942 | _cBK | ||
| 999 |
_c10281 _d10281 |
||